Regionální struktura a vývoj systému osídlení ČSR
Na minha lista:
| Autor principal: | |
|---|---|
| Outros Autores: | , |
| Formato: | Livro |
| Idioma: | tcheco |
| Publicado em: |
Praha
Univ. Karlova
1989
|
| Edição: | 1. vyd. |
| Tags: |
Sem tags, seja o primeiro a adicionar uma tag!
|
MARC
| LEADER | 00000nam a2200000 4500 | ||
|---|---|---|---|
| 001 | c032057 | ||
| 005 | 20250820092555.6 | ||
| 041 | 0 | |a cze | |
| 044 | |a CZ | ||
| 245 | 1 | 0 | |a Regionální struktura a vývoj systému osídlení ČSR |c Martin Hampl, Václav Gardavský, Karel Kühnl |
| 250 | |a 1. vyd. | ||
| 264 | 1 | |a Praha |b Univ. Karlova |c 1989 | |
| 300 | |a 255 s. |e 4 mp. príl. | ||
| 100 | 1 | |a Hampl, Martin | |
| 700 | 1 | |a Gardavský, Václav | |
| 700 | 1 | |a Kühnl, Karel | |